Poémes Tragiques

Spremljeno u:
Bibliografski detalji
Glavni autor: Lisle, Leconte de
Format: Knjiga
Jezik:Undetermined
Izdano: París, Francia Alphonse Lemerre 1886
Teme:
Oznake: Dodaj oznaku
Bez oznaka, Budi prvi tko označuje ovaj zapis!

MARC

LEADER 00000nam a2200000Ia 4500
008 170316s9999 xx 000 0 und d
040 |a cru BVZT 
090 |a 840 L-8p 
100 |a Lisle, Leconte de 
245 |a Poémes Tragiques 
260 |a París, Francia 
260 |b Alphonse Lemerre 
260 |c 1886 
300 |a 239 páginas 
650 |a LITERATURA FRANCESA 
999 |c 7771  |d 7771 
942 |c 15 D  |h 840 L-8p  |2 z